Les sites touristiques les plus visités par pays - Amérique - Statistiques

Statistiques générales
  • Ce quiz a été pris 332 fois
    328 depuis la dernière actualisation
  • Le résultat moyen est 13 sur 35
Statistiques - réponses
Par images Hint Réponse % Correct
Christ rédempteur Brésil
100%
Central Park Etats-Unis
93%
Machu Picchu Pérou
92%
Chutes du Niagara Canada
82%
Chichén Itzá Mexique
76%
Panamá Viejo Panama
66%
Salar d'Uyuni Bolivie
57%
Parc national des Galápagos Equateur
54%
Punta Cana République dominicaine
52%
Chemin de fer panoramique de Saint-Christophe Saint-Christophe-et-Niévès
50%
Parc national Torres del Paine Chili
44%
Chutes d'Iguazú Argentine
43%
Salto Ángel Venezuela
43%
El Capitolio Cuba
42%
Tikal Guatemala
39%
Paradise Island Bahamas
35%
Saltos del Monday Paraguay
34%
Montego Bay Marine Park Jamaïque
25%
Jardin botanique de Kingstown Saint-Vincent et les Grenadines
25%
Copán Honduras
21%
Caye Ambergris Belize
20%
Tour de l'Horloge Colombie
19%
Parc national du volcan Poás Costa Rica
19%
Fort James Antigua-et-Barbuda
18%
Citadelle La Ferrière Haïti
18%
Les doigts de Punta del Este Uruguay
18%
Grand Anse Beach Grenade
16%
Zone de gestion des pitons Sainte-Lucie
15%
Chutes de Kaieteur Guyana
14%
Parc National El Boquerón Salvador
14%
Parc national de Morne Trois Pitons Dominique
13%
Baie de Maracas Trinité-et-Tobago
13%
Cathédrale Notre-Dame-de-l'Assomption Nicaragua
11%
Abbaye Saint-Nicolas Barbade
10%
Basilique Saints-Pierre-et-Paul Suriname
9%
Aucun quiz correspondant
Distribution des résultats
% des personnes avec chaque résultat
Percentile par nombre de réponses
Votre historique - résultats
Vous n’avez pas pris ce quiz depuis la dernière actualisation